|
|
|
|
| LEADER |
00000naa a2200000uu 4500 |
| 001 |
vtls011093526 |
| 003 |
SK-MaSNL |
| 005 |
20260302110518.0 |
| 008 |
210824|2011 xo |||||||||||||||||slo| |
| 015 |
|
|
|a SNBRA
|
| 035 |
|
|
|a (urnnbn)urn:nbn:sk:snk:ar-a0csef
|
| 035 |
|
|
|a (uuid)5ea1ea98-8447-46c3-8176-209de9679be7
|
| 035 |
|
|
|a urn:nbn:sk:snk-aavy2o
|
| 040 |
|
|
|a SNKBUCL
|b slo
|c SNKBUCL
|e AACR2
|
| 041 |
0 |
|
|a slo
|
| 044 |
|
|
|a xo
|c SK
|
| 100 |
1 |
|
|a Vereš, Ján
|4 aut
|9 273333
|
| 245 |
1 |
0 |
|a PREHĽAD MOŽNOSTI SPRACOVANIA ODPADOV Z HUTNÍCKEJ VÝROBY POMOCOU MIKROVLNNEJ ENERGIE
|c Ján Vereš, Michal Lovás, Slavomír Hredzák, Štefan Jakabský
|
| 246 |
3 |
|
|a A REVIEW ON POSSIBILITIES OF METALLURGICAL WASTES PROCESSING USING MICROWAVE ENERGY
|
| 700 |
1 |
|
|a Lovás, Michal
|4 aut
|9 448137
|
| 700 |
1 |
|
|a Hredzák, Slavomír
|4 aut
|9 781845
|
| 700 |
1 |
|
|a Jakabský, Štefan
|4 aut
|9 778017
|
| 773 |
0 |
|
|t Situácia v ekologicky zaťažených regiónoch Slovenska a strednej Európy : XX. vedecké sympózium s medzinárodnou účasťou : zborník : Hrádok : 20.-21. október 2011
|d Košice : Základná organizácia pri Ústave geotechniky SAV, 2011
|g S. 132-136
|z 9788097003432
|
| 958 |
|
|
|a OND
|
| 958 |
|
|
|a article12
|
| 958 |
|
|
|a chapter
|
| 999 |
|
|
|c 1243731
|d 1245661
|